[Event "COL-chT 21st"]
[Site "Cartagena"]
[Date "2019.11.30"]
[Round "3.3"]
[White "Jimenez, Jose Mauricio"]
[Black "Mina Grueso, Joni Fernando"]
[Result "1-0"]
[WhiteElo "2159"]
[BlackElo "2005"]
[PlyCount "77"]
[EventDate "2019.11.30"]
[EventType "team-swiss"]
[EventRounds "9"]
[EventCountry "COL"]
[SourceTitle "CBM 195 Extra"]
[Source "ChessBase"]
[SourceDate "2020.05.31"]
[SourceVersion "1"]
[SourceVersionDate "2020.05.31"]
[SourceQuality "1"]
[WhiteTeam "Caldas"]
[BlackTeam "Meta"]
[WhiteTeamCountry "COL"]
[BlackTeamCountry "COL"]

1. c4 Nf6 2. Nc3 g6 3. g3 Bg7 4. Bg2 0-0 5. e4 d6 6. Nge2 c5 7. d3 Nc6 8. h3 b6 9. e5 Nxe5 10. Bxa8 Bxh3 11. Rxh3 Qxa8 12. Kf1 Qc8 13. Ng1 Qf5 14. Rh4 g5 15. Rh1 Nfg4 16. Nh3 Nxd3 17. Qe2 Bd4 18. Qe4 Qxe4 19. Nxe4 h6 20. Ke2 Nxc1+ 21. Raxc1 Bxb2 22. Rc2 Bd4 23. Nc3 e6 24. Nb5 d5 25. cxd5 exd5 26. Nxd4 Re8+ 27. Kd1 cxd4 28. Re1 Rd8 29. Re7 Kg7 30. Rcc7 Rf8 31. Rxa7 Kg6 32. Rab7 f6 33. f3 Ne5 34. g4 Rg8 35. Rxb6 Nxf3 36. Ke2 Nh2 37. Nf2 Ra8 38. Rbb7 Rxa2+ 39. Kd3 1-0

[Event "COL-chT"]
[Site "Cartagena"]
[Date "2019.11.26"]
[Round "5.4"]
[White "Gomez Barrero, Sergio"]
[Black "Mina Grueso, Joni Fernando"]
[Result "1-0"]
[WhiteElo "1982"]
[BlackElo "1944"]
[PlyCount "81"]
[EventDate "2019.11.24"]
[EventType "team-swiss"]
[EventRounds "7"]
[EventCountry "COL"]
[SourceTitle "CBM 193 Extra"]
[Source "ChessBase"]
[SourceDate "2020.01.31"]
[SourceVersion "1"]
[SourceVersionDate "2020.01.31"]
[SourceQuality "1"]
[WhiteTeam "Caqueta"]
[BlackTeam "Meta"]
[WhiteTeamCountry "COL"]
[BlackTeamCountry "COL"]

1. c4 Nf6 2. Nc3 g6 3. g3 Bg7 4. Bg2 0-0 5. d4 d6 6. e3 Nc6 7. Nge2 e5 8. 0-0 Qe7 9. a3 a5 10. h3 h6 11. Bd2 Bd7 12. Nb5 Bf5 13. Bc3 h5 14. Qd2 Rfe8 15. d5 Nb8 16. Bxa5 Na6 17. Bb4 Ne4 18. Bxe4 Bxe4 19. f3 Bf5 20. g4 hxg4 21. fxg4 Bd7 22. Ng3 Qh4 23. Kg2 f5 24. Rf2 fxg4 25. hxg4 Qxg4 26. Rh1 Qxc4 27. Nc3 Nxb4 28. axb4 Rf8 29. Qc2 Rxf2+ 30. Kxf2 Qg4 31. Rg1 Rf8+ 32. Ke1 Rf3 33. Nge2 Qh4+ 34. Kd1 Bf5 35. e4 Bg4 36. Qa4 Bh6 37. Qe8+ Kg7 38. Kc2 Rf7 39. Ng3 Qh2+ 40. Nce2 Bxe2 41. Nf5+ 1-0

[Event "COL-ch"]
[Site "Bogota"]
[Date "2018.11.09"]
[Round "6"]
[White "Mina Grueso, Joni Fernando"]
[Black "Mesa Baez, Samuel"]
[Result "1-0"]
[WhiteElo "1943"]
[BlackElo "1677"]
[PlyCount "65"]
[EventDate "2018.11.06"]
[EventType "swiss"]
[EventRounds "9"]
[EventCountry "COL"]
[SourceTitle "CBM 187 Extra"]
[Source "ChessBase"]
[SourceDate "2018.11.04"]
[SourceVersion "1"]
[SourceVersionDate "2018.11.04"]
[SourceQuality "1"]

1. e4 c5 2. Nf3 d6 3. d4 cxd4 4. Nxd4 Nf6 5. Nc3 a6 6. Bg5 e6 7. f4 Be7 8. Qf3 h6 9. Qh3 Qc7 10. 0-0-0 0-0 11. Bh4 Nc6 12. g4 Nxd4 13. Rxd4 e5 14. Rc4 Qa5 15. Ra4 Qc5 16. Bxf6 Bxf6 17. Nd5 b5 18. Ra3 b4 19. Rf3 Bd8 20. Qg2 Be6 21. g5 Bxd5 22. gxh6 g6 23. Rg3 b3 24. axb3 Qa5 25. Bd3 Qa1+ 26. Kd2 Ba5+ 27. Ke2 Qxb2 28. Rxg6+ Kh8 29. Rg7 exf4 30. Rh7+ Kxh7 31. e5+ Kxh6 32. Qh3+ Kg7 33. Rg1+ 1-0

[Event "COL-ch"]
[Site "Bogota"]
[Date "2018.11.09"]
[Round "5"]
[White "Narvaez Ramirez, Faber Alberto"]
[Black "Mina Grueso, Joni Fernando"]
[Result "1-0"]
[WhiteElo "2115"]
[BlackElo "1943"]
[PlyCount "43"]
[EventDate "2018.11.06"]
[EventType "swiss"]
[EventRounds "9"]
[EventCountry "COL"]
[SourceTitle "CBM 187 Extra"]
[Source "ChessBase"]
[SourceDate "2018.11.04"]
[SourceVersion "1"]
[SourceVersionDate "2018.11.04"]
[SourceQuality "1"]

1. c4 Nf6 2. Nf3 e6 3. g3 d5 4. Bg2 Be7 5. d4 0-0 6. 0-0 dxc4 7. Ne5 Nc6 8. Bxc6 bxc6 9. Nxc6 Qe8 10. Nxe7+ Qxe7 11. Qa4 c5 12. Qxc4 cxd4 13. Qxd4 e5 14. Qh4 h6 15. Nc3 Rb8 16. Ne4 Rb6 17. Be3 g5 18. Nxg5 Ng4 19. Bxb6 hxg5 20. Bc5 Qxc5 21. Qxg5+ Kh7 22. Rac1 1-0

[Event "COL-ch"]
[Site "Bogota"]
[Date "2018.11.06"]
[Round "1"]
[White "Tello, Nicolas Eduardo"]
[Black "Mina Grueso, Joni Fernando"]
[Result "0-1"]
[WhiteElo "1317"]
[BlackElo "1943"]
[PlyCount "62"]
[EventDate "2018.11.06"]
[EventType "swiss"]
[EventRounds "9"]
[EventCountry "COL"]
[SourceTitle "CBM 187 Extra"]
[Source "ChessBase"]
[SourceDate "2018.11.04"]
[SourceVersion "1"]
[SourceVersionDate "2018.11.04"]
[SourceQuality "1"]

1. e4 e5 2. Nf3 Nc6 3. Bc4 Nf6 4. d3 Bc5 5. Bg5 h6 6. Bh4 d6 7. h3 g5 8. Bg3 Nh5 9. Bh2 Nf4 10. Bxf4 gxf4 11. Nc3 Rg8 12. Rg1 Na5 13. Bb3 a6 14. Ne2 Nxb3 15. axb3 f6 16. c3 Be6 17. b4 Bb6 18. d4 Qd7 19. d5 Bf7 20. h4 f5 21. Qc2 fxe4 22. Qxe4 Bg6 23. Qc4 Qf5 24. b5 a5 25. Rd1 a4 26. Ra1 Qc2 27. Qa2 Ke7 28. Rc1 Qe4 29. Nd2 Bxf2+ 30. Kxf2 Qe3+ 31. Ke1 Bd3 0-1

[Event "COL-chT"]
[Site "Ibague"]
[Date "2018.10.11"]
[Round "1.3"]
[White "Prasca Sosa, Rafael Felipe"]
[Black "Mina Grueso, Joni Fernando"]
[Result "1-0"]
[WhiteElo "2404"]
[BlackElo "1914"]
[PlyCount "49"]
[EventDate "2018.10.11"]
[EventType "team-swiss"]
[EventRounds "6"]
[EventCountry "COL"]
[SourceTitle "CBM 186 Extra"]
[Source "ChessBase"]
[SourceDate "2018.08.24"]
[SourceVersion "1"]
[SourceVersionDate "2018.08.24"]
[SourceQuality "1"]
[WhiteTeam "Risaralda"]
[BlackTeam "Meta"]
[WhiteTeamCountry "COL"]
[BlackTeamCountry "COL"]

1. e4 e5 2. Nf3 Nc6 3. Nc3 Bc5 4. Bb5 Nf6 5. 0-0 d6 6. d4 exd4 7. Nxd4 Bd7 8. Nf5 0-0 9. Bg5 Bxf5 10. exf5 Ne5 11. Ne4 Bb6 12. Nxf6+ gxf6 13. Bh6 Kh8 14. Bxf8 Qxf8 15. Kh1 Qg7 16. Be2 Rg8 17. g3 Qh6 18. Kg2 Qf4 19. a4 a5 20. Bf3 c6 21. Be2 Qxf5 22. Bd3 Qe6 23. Qh5 Nxd3 24. cxd3 Re8 25. Qh4 1-0

[Event "COL-ch sf 2nd"]
[Site "Tunja"]
[Date "2018.04.20"]
[Round "6"]
[White "Diaz, Luisa Fernanda"]
[Black "Mina Grueso, Joni Fernando"]
[Result "0-1"]
[WhiteElo "1683"]
[BlackElo "1732"]
[PlyCount "72"]
[EventDate "2018.04.17"]
[EventType "swiss"]
[EventRounds "10"]
[EventCountry "COL"]
[SourceTitle "CBM 184 Extra"]
[Source "ChessBase"]
[SourceDate "2018.06.28"]
[SourceVersion "1"]
[SourceVersionDate "2018.06.28"]
[SourceQuality "1"]

1. e4 e5 2. Nf3 Nc6 3. Bc4 Nf6 4. d3 Bc5 5. c3 0-0 6. Nbd2 d6 7. Bb3 a5 8. a4 Ba7 9. h3 Ne7 10. 0-0 Ng6 11. Re1 Nh5 12. Nf1 Ngf4 13. Bxf4 Nxf4 14. Ng3 Qf6 15. d4 g6 16. Nf1 Re8 17. Bc2 h5 18. Ne3 c6 19. Nc4 g5 20. Ne3 Kh8 21. Nf5 Rg8 22. dxe5 dxe5 23. Qd6 Qxd6 24. Nxd6 f6 25. Nxc8 Raxc8 26. Rad1 g4 27. hxg4 hxg4 28. Nh4 g3 29. Rd2 gxf2+ 30. Rxf2 Nh3+ 31. Kf1 Bxf2 32. Re2 Bxh4 33. gxh3 Rcd8 34. b4 Rg3 35. Rf2 Rg1+ 36. Kxg1 Bxf2+ 0-1

[Event "COL-ch sf 2nd"]
[Site "Tunja"]
[Date "2018.04.20"]
[Round "7"]
[White "Mina Grueso, Joni Fernando"]
[Black "Toro Castaneda, Elizabeth"]
[Result "1-0"]
[WhiteElo "1732"]
[BlackElo "1996"]
[PlyCount "37"]
[EventDate "2018.04.17"]
[EventType "swiss"]
[EventRounds "10"]
[EventCountry "COL"]
[SourceTitle "CBM 184 Extra"]
[Source "ChessBase"]
[SourceDate "2018.06.28"]
[SourceVersion "1"]
[SourceVersionDate "2018.06.28"]
[SourceQuality "1"]

1. e4 c5 2. Nf3 Nc6 3. Nc3 g6 4. d4 cxd4 5. Nxd4 Bg7 6. Be3 d6 7. f4 Nf6 8. Qd2 0-0 9. 0-0-0 Ng4 10. Bg1 Nxd4 11. Bxd4 e5 12. Bc5 Bh6 13. g3 exf4 14. gxf4 Qh4 15. Bd4 Ne5 16. Nd5 Nf3 17. Qf2 Bxf4+ 18. Kb1 Qxf2 19. Ne7# 1-0